Imperio y derecho. Tomo II /

Guardado en:
Autor Principal: Di Pietro, Alfredo.
Formato: Libro
Idioma:Spanish
Publicado: La Plata : Universidad Católica de La Plata, 2014.
Edición:1a. ed.
Materias:
Etiquetas: Agregar Etiqueta
Sin Etiquetas, Sea el primero en etiquetar este registro!
LEADER 00482nam a22001575a 4500
001 DER.der015107
008 250206s2014####ag############000#0#spa#d
005 20250206133618.0
245 1 0 |a Imperio y derecho.  |n Tomo II /  |c Alfredo Di Pietro. 
250 |a 1a. ed. 
260 |a La Plata :  |b Universidad Católica de La Plata,  |c 2014. 
300 |a 622 p. 
020 |a 9789873736032 
100 1 |a Di Pietro, Alfredo. 
650 7 |a DERECHO ROMANO 
859 |a DERECHO  |b BIB. DERECHO  |h 340.54  |i DIP  |p 009309  |3 Tomo II